Joueurs ayant joué avec Cristiano Ronaldo - Statistiques

Statistiques générales
  • Ce quiz a été pris 395 fois
  • Le résultat moyen est 5 sur 8
Answers on the Grid
Answers color-coded by a green-red scale on the quiz's grid according to % correct below.
Sadio Mané
Achraf Hakimi
Vinicuis JR
Gelson Martins
João Moutinho
Dean Huijsen
André Onana
Gerard Piqué
Edwin van der sar
Ronaldo Nazario
Alvaro Morata
Xabi Alonzo
 
Statistiques - réponses
Réponse % Correct
Achraf Hakimi
79%
Alvaro Morata
71%
Xabi Alonzo
71%
Edwin van der sar
66%
Gerard Piqué
66%
João Moutinho
66%
Sadio Mané
54%
Gelson Martins
49%
Aucun quiz correspondant
Distribution des résultats
% des personnes avec chaque résultat
Percentile par nombre de réponses
Votre historique - résultats
Vous n’avez pas pris ce quiz